LEADER 02427nam a2200397 a 4500 001 000000125429 003 CaOOAMICUS 005 20110525093929.0 008 110525s2010 it b u100 u ita r 020 $a978-88-8333-245-6 040 $aPUL$bita 041 0 $aita$aeng$aspa 082 04$a261.52 111 2 $aSeminario professionale sugli uffici di comunicazione della Chiesa$n(6 :$d2008 :$cRoma).$0(OLS)http://pul/name/79390 245 10$aComunicazione della Chiesa e cultura della controversia :$batti del 6. Seminario professionale sugli uffici di comunicazione della Chiesa / $ca cura di Daniel Arasa - Jorge Milán . 246 13$aChurch communication & the culture of controversy :$bproceedings of the Sixth professional Seminar for Church communications offices 246 13$aComunicación de la Iglesia Y cultura de la controversia :$bactas del 6. Seminario profesional de oficinas de comunicación de la Iglesia 260 $aRoma :$bEDUSC,$c©2010. 300 $a532 p. ;$c23 cm. 490 1 $aPubblicazioni della Facoltŕ di Comunicazione Istituzionale 504 $aBibliografia in nota. 546 $aInterventi in italiano, inglese e spagnolo. 650 4$aChiesa$xComunicazione$xCongressi.$0(OLS)http://pul/subject/37669 700 1 $aArasa, Daniel.$0(OLS)http://pul/name/77209 700 1 $aMilán, Jorge.$0(OLS)http://pul/name/79391 830 0$aPubblicazioni della Facoltŕ di Comunicazione Istituzionale.$0(OLS)http://pul/title/158160 850 $aPUL 852 $aPUL$W1$xSL Religione 3$y85$m261. 52 ARADA 1$j144454$qDDC 21$B143483$CPULBib$Z2$F143483 $H115359 $82 941 1 $a9 996 $6020$a978-88-8333-245-6$9(OLS)http://pul/number/147281 996 $6082$a261.52$9(OLS)http://pul/classification/2022 996 $6246$aComunicación de la Iglesia Y cultura de la controversia :$bactas del 6. Seminario profesional de oficinas de comunicación de la Iglesia$9(OLS)http://pul/title/158159 996 $6245$aComunicazione della Chiesa e cultura della controversia :$batti del 6. Seminario professionale sugli uffici di comunicazione della Chiesa / $9(OLS)http://pul/title/158157 996 $6246$aChurch communication & the culture of controversy :$bproceedings of the Sixth professional Seminar for Church communications offices$9(OLS)http://pul/title/158158 996 $6260$aRoma :$bEDUSC$9(OLS)http://pul/publisher/79480 LEADER 01518nam a2200325 a 4500 001 000000173304 003 CaOOAMICUS 005 20200222111854.0 008 200222s2019 it kdaf u000 u ita r 020 $a978-88-821-756610* 032 $aLibriCat 040 $aPUL$bita 082 04$a344.45 245 00$aAmbiente 2019 :$bmanuale normo-tecnico / $ca cura di Erica Blasizza. 250 $aXVII, 1083 p. :$bfacs., form., graf., ill.,tav.;$824 cm$6 260 $aMilanofiori Assago :$bWolters Kluwer,$c2019. 490 1 $aManuali HSE : Health Safety Environment (Ipsoa) 500 $aSul front.: Nunziante Magrone Studio Legale Associato. 650 4$aAmbiente naturale$xTutela e conservazione.$0(OLS)http://pul/subject/19641 650 4$aAmbiente naturale$xTutela e conservazione$xLegislazione.$0(OLS)http://pul/subject/33733 700 1 $aBlasizza, Erica.$0(OLS)http://pul/name/111325 830 0$aManuali HSE : Health Safety Environment $bIpsoa.$0(OLS)http://pul/title/214442 850 $aPUL 852 $aPUL$W1$xSL Diritto e Scienze Sociali 3$y79$m344. 45 BLAER 1$j197287$qDDC 21$B202072$CPULBib$Z2$F202072 $H134005 $82 941 1 $a9 996 $6020$a978-88-821-756610*$9(OLS)http://pul/number/161469 996 $6082$a344.45$9(OLS)http://pul/classification/416 996 $6245$aAmbiente 2019 :$bmanuale normo-tecnico / $9(OLS)http://pul/title/214441 996 $6260$aMilanofiori Assago :$bWolters Kluwer$9(OLS)http://pul/publisher/81463